000 00458cam a22002054a 4500
001 12148477
005 20171218085354.0
007 cr_|||||||||||
008 000818s2000 caua be 001 0 eng
010 _a 00011032
020 _a1576073904 (electronic bk.)
020 _a1576070646
040 _aDLC
_cDLC
_dDLC
041 _aeng
042 _apcc
080 _a324.62303 HAN
082 0 0 _a324.62303 HAN
_221
100 1 _a50
101 _aSOC
999 _c39117
_d39117